La Casa del Príncipe de Asturias (Record no. 168653)

MARC details
000 -LEADER
campo de control de longitud fija 01106nam a2200277 i 4500
001 - NÚMERO DE CONTROL
campo de control 168653
003 - IDENTIFICADOR DE NÚMERO DE CONTROL
campo de control ES-MaACL
005 - FECHA Y HORA DE LA ÚLTIMA TRANSACCIÓN
campo de control 20251001150413.0
008 - DATOS DE LONGITUD FIJA--INFORMACIÓN GENERAL
campo de control de longitud fija 080429s2007 sp |||| |dspa d
020 ## - NÚMERO INTERNACIONAL ESTÁNDAR DEL LIBRO
Número Internacional Estándar del Libro 978-84-9772-434-0
080 ## - NÚMERO DE LA CLASIFICACIÓN DECIMAL UNIVERSAL
Número de la Clasificación Decimal Universal 930 Fernández de Oviedo, Gonzalo
080 ## - NÚMERO DE LA CLASIFICACIÓN DECIMAL UNIVERSAL
Número de la Clasificación Decimal Universal 929 Juan, Príncipe de España
080 ## - NÚMERO DE LA CLASIFICACIÓN DECIMAL UNIVERSAL
Número de la Clasificación Decimal Universal 394(460.18)"14"
080 ## - NÚMERO DE LA CLASIFICACIÓN DECIMAL UNIVERSAL
Número de la Clasificación Decimal Universal 308(460.18)"14"
100 1# - ENTRADA PRINCIPAL--NOMBRE DE PERSONA
Nombre de persona Martínez López, Francisco.
9 (RLIN) 78189
245 13 - MENCIÓN DEL TÍTULO
Título La Casa del Príncipe de Asturias
Resto del título : (D. Juan, heredero de los Reyes Católicos) /
Mención de responsabilidad, etc. Francisco Martínez López.
260 ## - PUBLICACIÓN, DISTRIBUCIÓN, ETC.
Lugar de publicación, distribución, etc. Madrid :
Nombre del editor, distribuidor, etc. Dykinson,
Fecha de publicación, distribución, etc. [2007]
300 ## - DESCRIPCIÓN FÍSICA
Extensión 417 p. :
Otras características físicas il. ;
Dimensiones 24 cm.
500 ## - NOTA GENERAL
Nota general Basado en la tesis del autor.
600 17 - PUNTO DE ACCESO ADICIONAL DE MATERIA--NOMBRE DE PERSONA
Nombre de persona Fernández de Oviedo, Gonzalo,
Fechas asociadas al nombre 1478-1557.
Título de la obra Libro de la Camara Real del Principe Don Juan, e officios de su casa e servicio ordinario
Fuente del encabezamiento o término
9 (RLIN) 137721
600 04 - PUNTO DE ACCESO ADICIONAL DE MATERIA--NOMBRE DE PERSONA
Nombre de persona Juan
Títulos y otros términos asociados al nombre Príncipe de España (
Fechas asociadas al nombre 1478-1497)
9 (RLIN) 67098
650 #4 - PUNTO DE ACCESO ADICIONAL DE MATERIA--TÉRMINO DE MATERIA
Término de materia o nombre geográfico como elemento de entrada Corte y cortesanos-
Subdivisión geográfica Castilla (Reino)
9 (RLIN) 137722
651 #4 - PUNTO DE ACCESO ADICIONAL DE MATERIA--NOMBRE GEOGRÁFICO
Nombre geográfico Castilla (Reino)-
Subdivisión general Situación social.
9 (RLIN) 167781
852 ## - LOCALIZACIÓN
Ubicación ES-MaACL
Número de control de estantería L-29404
Holdings
Estatus retirado Estado de pérdida Estado de daño No para préstamo Biblioteca de origen Biblioteca actual Ubicación en estantería Fecha de adquisición Fuente de adquisición Total de préstamos Signatura topográfica completa Código de barras Visto por última vez Precio de reemplazo Tipo de ítem Koha
        Biblioteca del Ateneo de Madrid Biblioteca del Ateneo de Madrid Depósito 2 29/04/2008     L-29404 1176988 23/02/2023 23/02/2023 Libro impreso